| 000 | 01494nam a22002657a 4500 | ||
|---|---|---|---|
| 003 | EG-NbEJU | ||
| 005 | 20260401074905.0 | ||
| 008 | 260126b |||||||| |||| 00| 0 eng d | ||
| 017 |
_a1987 / 7928 _bمصر . دار المعارف |
||
| 020 | _a9770222658 | ||
| 040 |
_aEG-NbEJU _bara _cEG-NbEJU |
||
| 041 | _aara | ||
| 050 |
_aPJ7542.D34 _bF5 1987 |
||
| 100 |
_aضيف ، شوقي _eالمؤلف |
||
| 245 |
_aفي التراث و الشعر و اللغة / _cالدكتور شوقي ضيف |
||
| 250 | _aالطبعة الاولي | ||
| 260 |
_aالقاهرة : _bدار المعارف ، _c1987 |
||
| 300 |
_aصفحة 274 ؛ _c23 سم |
||
| 490 |
_a مكتبة الدراسات الأدبية _v100 |
||
| 520 | _aيتناول هذا الكتاب موضوعات مختلفة تتصل بالتراث و الشعر و اللغة ... في مجال التراث ما يتصل بوحدة التراث الديني و العلمي الادبي ... مجال الشعر يقدم قضية القديم و الجديد علي ضوء نماذج من شعراء لهم مذاقهم الخاص فس تاريخ الشعر العربي ... اما مجال اللغة فيثير قضية الفصحي و العامية في مجال المسرح و المجالين المسموع و المقروء | ||
| 650 |
_2qrmak _aالادب العربي _xالشعر - اللغة - التراث العربي _yالعصر المعاصر |
||
| 901 | _aRowan | ||
| 902 | _axxxx | ||
| 942 |
_2lcc _cBK _n0 |
||
| 999 |
_c7564 _d7564 |
||